Super Bowl Winning Teams and QBs - Statistics

General Stats
  • This quiz has been taken 5 times
  • The average score is 101 of 118
Answer Stats
Year Hint Answers % Correct
2010 Winning QB Aaron Rodgers
100%
2000 Winning Team Baltimore Ravens
100%
2012 Winning Team Baltimore Ravens
100%
1966 Winning QB Bart Starr
100%
1967 Winning QB Bart Starr
100%
1996 Winning QB Brett Favre
100%
1971 Winning Team Dallas Cowboys
100%
1977 Winning Team Dallas Cowboys
100%
1992 Winning Team Dallas Cowboys
100%
1993 Winning Team Dallas Cowboys
100%
1995 Winning Team Dallas Cowboys
100%
1997 Winning Team Denver Broncos
100%
1998 Winning Team Denver Broncos
100%
2015 Winning Team Denver Broncos
100%
2007 Winning QB Eli Manning
100%
2011 Winning QB Eli Manning
100%
1966 Winning Team Green Bay Packers
100%
1967 Winning Team Green Bay Packers
100%
1996 Winning Team Green Bay Packers
100%
2010 Winning Team Green Bay Packers
100%
2006 Winning Team Indianapolis Colts
100%
2024 Winning QB Jalen Hurts
100%
2012 Winning QB Joe Flacco
100%
1981 Winning QB Joe Montana
100%
1984 Winning QB Joe Montana
100%
1988 Winning QB Joe Montana
100%
1989 Winning QB Joe Montana
100%
1997 Winning QB John Elway
100%
1998 Winning QB John Elway
100%
2019 Winning Team Kansas City Chiefs
100%
2022 Winning Team Kansas City Chiefs
100%
2023 Winning Team Kansas City Chiefs
100%
1983 Winning Team Los Angeles Raiders
100%
2001 Winning Team New England Patriots
100%
2003 Winning Team New England Patriots
100%
2004 Winning Team New England Patriots
100%
2014 Winning Team New England Patriots
100%
2016 Winning Team New England Patriots
100%
2018 Winning Team New England Patriots
100%
2007 Winning Team New York Giants
100%
2011 Winning Team New York Giants
100%
2017 Winning QB Nick Foles
100%
1976 Winning Team Oakland Raiders
100%
1980 Winning Team Oakland Raiders
100%
2019 Winning QB Patrick Mahomes
100%
2022 Winning QB Patrick Mahomes
100%
2023 Winning QB Patrick Mahomes
100%
2006 Winning QB Peyton Manning
100%
2015 Winning QB Peyton Manning
100%
2017 Winning Team Philadelphia Eagles
100%
2024 Winning Team Philadelphia Eagles
100%
1978 Winning Team Pittsburgh Steelers
100%
1979 Winning Team Pittsburgh Steelers
100%
2013 Winning QB Russell Wilson
100%
1981 Winning Team San Francisco 49ers
100%
1984 Winning Team San Francisco 49ers
100%
1988 Winning Team San Francisco 49ers
100%
1989 Winning Team San Francisco 49ers
100%
2013 Winning Team Seattle Seahawks
100%
2020 Winning Team Tampa Bay Buccaneers
100%
1978 Winning QB Terry Bradshaw
100%
1979 Winning QB Terry Bradshaw
100%
2001 Winning QB Tom Brady
100%
2003 Winning QB Tom Brady
100%
2004 Winning QB Tom Brady
100%
2014 Winning QB Tom Brady
100%
2016 Winning QB Tom Brady
100%
2018 Winning QB Tom Brady
100%
2020 Winning QB Tom Brady
100%
1992 Winning QB Troy Aikman
100%
1993 Winning QB Troy Aikman
100%
1995 Winning QB Troy Aikman
100%
1970 Winning Team Baltimore Colts
67%
2008 Winning QB Ben Roethlisberger
67%
1972 Winning QB Bob Griese
67%
1973 Winning QB Bob Griese
67%
1985 Winning Team Chicago Bears
67%
1987 Winning QB Doug Williams
67%
2009 Winning QB Drew Brees
67%
1990 Winning QB Jeff Hostetler
67%
1985 Winning QB Jim McMahon
67%
1983 Winning QB Jim Plunkett
67%
1968 Winning QB Joe Namath
67%
1982 Winning QB Joe Theismann
67%
1970 Winning QB Johnny Unitas
67%
1969 Winning Team Kansas City Chiefs
67%
1976 Winning QB Ken Stabler
67%
1999 Winning QB Kurt Warner
67%
1969 Winning QB Len Dawson
67%
2021 Winning Team Los Angeles Rams
67%
1991 Winning QB Mark Rypien
67%
2021 Winning QB Matthew Stafford
67%
1972 Winning Team Miami Dolphins
67%
1973 Winning Team Miami Dolphins
67%
2009 Winning Team New Orleans Saints
67%
1986 Winning Team New York Giants
67%
1990 Winning Team New York Giants
67%
1968 Winning Team New York Jets
67%
1986 Winning QB Phil Simms
67%
1974 Winning Team Pittsburgh Steelers
67%
1975 Winning Team Pittsburgh Steelers
67%
2008 Winning Team Pittsburgh Steelers
67%
1971 Winning QB Roger Staubach
67%
1977 Winning QB Roger Staubach
67%
1994 Winning Team San Francisco 49ers
67%
1994 Winning QB Steve Young
67%
1999 Winning Team St. Louis Rams
67%
1974 Winning QB Terry Bradshaw
67%
1975 Winning QB Terry Bradshaw
67%
2000 Winning QB Trent Dilfer
67%
1982 Winning Team Washington Redskins
67%
1987 Winning Team Washington Redskins
67%
1991 Winning Team Washington Redskins
67%
2005 Winning QB Ben Roethlisberger
33%
2002 Winning QB Brad Johnson
33%
1980 Winning QB Jim Plunkett
33%
2005 Winning Team Pittsburgh Steelers
33%
2002 Winning Team Tampa Bay Buccaneers
33%
No matching quizzes found
Score Distribution
Percent of People with Each Score
Percentile by Number Answered
Your Score History
You have not taken this quiz